Iniciar un nuevo viaje: del trabajo infantil a la educación y la formación

Guardado en:
Bibliografiske detaljer
Format: Texto
Fag:
Tags: Tilføj Tag
Ingen Tags, Vær først til at tagge denne postø!

MARC

LEADER 00000 a a2200000 04500
001 18705
003
040
245 |a Iniciar un nuevo viaje: del trabajo infantil a la educación y la formación  
650 |a TRABAJO DE MENORES  
650 |a EDUCACION  
773 |g número 61; páginas 18-21  
999 |c 19912  |d 19912